All Kanye West Albums, EPs, Mixtapes and unreleased albums - Statistics

General Stats
  • This quiz has been taken 35 times
    32 since last reset
  • The average score is 24 of 89
Answer Stats
Year Type Albums % Correct
2007 Album Graduation
93%
2004 Album The College Dropout
93%
2005 Album Late Registration
85%
2008 Album 808s & Heartbreak
81%
2017 Album Ye
81%
2021 Album Donda
78%
2010 Album My Beautiful Dark Twisted Fantasy
78%
2015 Album The Life Of Pablo
78%
2013 Album Yeezus
78%
2026 Album Bully
74%
2024 Collaborative Album Vultures 1
70%
2024 Collaborative Album Vultures 2
70%
2011 Collaborative Album Watch The Throne
70%
2018 Collaborative Album Kids See Ghosts
67%
2006 Live Album Late Orchestration
67%
2022 Album Donda 2
63%
2019 Album Jesus Is King
63%
2025 Unreleased Vultures 3
59%
2018 Unreleased Yandhi
59%
2012 Compilation Album Cruel Summer
56%
2016 Unreleased Cruel Winter
44%
2025 Unreleased In A Perfect World / Cuck
41%
2021 Unreleased Watch The Throne 2
41%
2014 Unreleased Yeezus 2
37%
2020 Unreleased Donda: With Child
33%
2002 Mixtape Get Well Soon...
33%
2022 Unreleased Kids See Ghosts 2
33%
2018 Unreleased Love Everyone
33%
2014 Unreleased So Help Me God
33%
2021 Album Donda (Deluxe)
30%
2008 Unreleased Good A** Job
30%
2016 Unreleased Turbo Grafx16
30%
2016 Unreleased Wolves / Calabasas Is The New Abu Dhabi
30%
2007 Mixtape Can't Tell Me Nothing
26%
2018 Unreleased Good A** Job 2 / Job Well Done
26%
2010 Unreleased G.O.O.D. Fridays
26%
2015 Unreleased Swish
26%
2012 Unreleased Thank God For Drugs
26%
2022 Unreleased War
26%
2023 Unreleased Yebu
26%
2024 EP Carnival Pack
22%
2023 Unreleased Donda 3
22%
2022 Unreleased God's Country
22%
2011 Collaborative Album Watch The Throne (Deluxe)
22%
2016 Unreleased Waves
22%
2007 Unreleased Child Rebel Soldier
19%
2003 Mixtape I'm Good...
15%
2004 Mixtape Kon the Louis Vuitton Don
15%
2024 EP Vultures Pack
15%
1999 Mixtape World Record Holders
15%
2020 Unreleased Chiraq
11%
2005 Mixtape Freshman Adjustment
11%
2010 Live Album VH1 Storytellers
11%
2024 Collaborative Album Vultures 2 (Deluxe)
11%
2021 EP Dear Donda
7%
2001 Unreleased Demo Tape 1 / The Prerequisite
7%
2006 Mixtape Freshman Adjustment 2
7%
2007 Mixtape Freshman Adjustment 3
7%
2007 Mixtape The Graduate
7%
2008 Unreleased 808’s & Heartbreak Live At The Hollywood Bowl
4%
2023 Unreleased Bad B**** Playbook
4%
1997 Mixtape Kanye Beat Tape
4%
2005 Video Album The College Dropout Anthology
4%
2009 Unreleased Winter Spring Summer Fall
4%
2011 Unreleased 2011 Untitled Album
0%
2016 Unreleased 2016 G.O.O.D. Fridays
0%
2022 Unreleased 2022 G.O.O.D. Fridays
0%
2002 Mixtape Akademiks: Jeanius Level Musik
0%
2003 Mixtape Akademiks: Jeanius Level Musik Vol. 2
0%
2008 Mixtape Alter Ego Mixtape
0%
2003 Mixtape Behind the Beats
0%
2007 Mixtape Classic (Better Than I've Ever Been)
0%
2003 Mixtape College Dropout The Mixtape
0%
2020 Unreleased Donda (Pio Pico Sessions)
0%
2006 Mixtape Gold Digging: As Sampled By Kanye West
0%
2023 Unreleased Jesus Is King: The Dr. Dre Version
0%
2004 Mixtape Kanye: The Essentials Collection
0%
2004 Mixtape Live At The Paradiso In Amsterdam
0%
2020 Unreleased Our Beautiful Amazing Reality
0%
2010 Unreleased record4hype.zip
0%
2005 Mixtape Second Semester: Kanye Essentials 2
0%
2008 Mixtape Sky High: A We Got The Remix Special Edition
0%
2005 Mixtape The Late Mixtape
0%
2009 Mixtape The Lost Tapes
0%
2004 Mixtape Unreleased Joints, Volume 1
0%
2004 Mixtape Unreleased Joints, Volume 4
0%
2004 Mixtape Unreleased Joints, Volume 5
0%
2004 Mixtape Unreleased Joints, Volume 6
0%
2006 Mixtape Welcome To Kanye's Soul Mix Show
0%
No matching quizzes found
Score Distribution
Percent of People with Each Score
Percentile by Number Answered
Your Score History
You have not taken this quiz since the last reset